|
|
|
|
| LEADER |
02439nam a2200373 a 4500 |
| 001 |
008755669 |
| 008 |
090521s1987 enka 00 000 eng d |
| 020 |
|
|
|a 0521498589
|
| 020 |
|
|
|a 9780521498586
|
| 040 |
|
|
|a Uk
|c Uk
|
| 082 |
0 |
4 |
|a 530
|2 19
|
| 100 |
1 |
|
|a Rowell, Gilbert,
|d 1938-
|
| 245 |
1 |
0 |
|a Physics /
|c Gilbert Rowell, Sidney Herbert.
|
| 250 |
|
|
|a low price edition.
|
| 260 |
|
|
|a Cambridge :
|b Cambridge University Press,
|c 1987.
|
| 300 |
|
|
|a v,409p. :
|b ill. ;
|c 28cm.
|
| 500 |
|
|
|a Includes index.
|
| 541 |
1 |
|
|e 00011420
|
| 650 |
0 |
|
|a Physics.
|
| 653 |
|
|
|a Physics
|
| 700 |
1 |
|
|a Herbert, Sidney.
|
| 852 |
4 |
|
|a Ayesha Abed Library
|j General Shelf.
|
| 942 |
0 |
0 |
|0 7
|
| 999 |
|
|
|c 988
|d 988
|
| 952 |
|
|
|0 0
|1 0
|2 ddc
|4 0
|6 530_000000000000000_ROW
|7 0
|9 895
|a BRACUL
|b BRACUL
|c GEN
|d 2009-06-22
|l 16
|m 19
|o 530 ROW
|p 3010011420
|r 2024-09-08
|s 2024-09-02
|t 1
|w 2009-06-22
|y BK
|
| 952 |
|
|
|0 0
|1 0
|2 ddc
|4 0
|6 530_ROW_198700000000000
|7 0
|9 7657
|a BRACUL
|b BRACUL
|c GEN
|d 2010-02-01
|l 15
|m 36
|o 530 ROW
|p 3010007781
|r 2015-10-13
|s 2015-09-06
|t 2
|w 2010-02-01
|y BK
|
| 952 |
|
|
|0 0
|1 0
|2 ddc
|4 0
|6 530_ROW_198700000000000
|7 0
|9 7718
|a BRACUL
|b BRACUL
|c GEN
|d 2010-02-02
|l 9
|m 11
|o 530 ROW
|p 3010011422
|r 2018-10-15
|s 2018-09-27
|t 3
|w 2010-02-02
|y BK
|
| 952 |
|
|
|0 0
|1 0
|2 ddc
|4 0
|6 530_ROW_198700000000000
|7 0
|9 7754
|a BRACUL
|b BRACUL
|c GEN
|d 2010-02-03
|l 23
|m 117
|o 530 ROW
|p 3010011421
|r 2025-08-02
|s 2025-07-22
|t 4
|w 2010-02-03
|y BK
|
| 952 |
|
|
|0 0
|1 0
|2 ddc
|4 0
|6 530_ROW_198700000000000
|7 0
|9 7794
|a BRACUL
|b BRACUL
|c GEN
|d 2010-02-04
|l 16
|m 90
|o 530 ROW
|p 3010011419
|r 2025-10-23
|s 2024-10-31
|t 5
|w 2010-02-04
|y BK
|
| 952 |
|
|
|0 0
|1 0
|2 ddc
|4 0
|6 530_ROW
|7 0
|9 19620
|a BRACUL
|b BRACUL
|c GEN
|d 2012-03-06
|e karim International
|g 499.00
|l 28
|m 89
|o 530 ROW
|p 3010024673
|r 2023-12-28
|s 2023-10-01
|t 6
|w 2012-03-13
|y BK
|
| 952 |
|
|
|0 0
|1 0
|2 ddc
|4 0
|6 530_ROW
|7 0
|9 19621
|a BRACUL
|b BRACUL
|c GEN
|d 2012-03-06
|e karim International
|g 499.00
|l 24
|m 87
|o 530 ROW
|p 3010024674
|r 2023-12-21
|s 2023-09-27
|t 7
|w 2012-03-13
|y BK
|
| 952 |
|
|
|0 0
|1 0
|2 ddc
|4 0
|6 530_ROW
|7 0
|9 19622
|a BRACUL
|b BRACUL
|c GEN
|d 2012-03-06
|e karim International
|g 499.00
|l 22
|m 79
|o 530 ROW
|p 3010024675
|r 2019-02-27
|s 2019-02-18
|t 8
|w 2012-03-13
|y BK
|
| 952 |
|
|
|0 0
|1 0
|2 ddc
|4 0
|6 530_ROW
|7 0
|9 19623
|a BRACUL
|b BRACUL
|c GEN
|d 2012-03-06
|e karim International
|g 499.00
|l 23
|m 136
|o 530 ROW
|p 3010024676
|r 2024-10-03
|s 2024-07-02
|t 9
|w 2012-03-13
|y BK
|
| 952 |
|
|
|0 0
|1 0
|2 ddc
|4 0
|6 530_ROW
|7 0
|9 19624
|a BRACUL
|b BRACUL
|c GEN
|d 2012-03-06
|e karim International
|g 499.00
|l 22
|m 148
|o 530 ROW
|p 3010024677
|r 2023-02-01
|s 2023-01-31
|t 10
|w 2012-03-13
|y BK
|